[Event "Plzen, JF C"]
[Site "?"]
[Date "1999.??.??"]
[Round "6.9"]
[White "Michalek, J."]
[Black "Hlavnicka, J."]
[Result "1/2-1/2"]
[WhiteElo "2330"]
[BlackElo "2239"]
[PlyCount "57"]
[EventDate "1999.??.??"]
[Source "ChessBase"]
[SourceDate "1996.11.15"]

1. e4 c5 2. Nf3 Nc6 3. d4 cxd4 4. Nxd4 Nf6 5. Nc3 d6 6. Bc4 e6 7. Be3 Be7 8.
Bb3 a6 9. f4 O-O 10. Qf3 Qc7 11. O-O-O Na5 12. g4 Nxb3+ 13. axb3 d5 14. exd5
Bb4 15. g5 Nxd5 16. Nxd5 exd5 17. Qxd5 Re8 18. Qf3 Bg4 19. Qxg4 Rxe3 20. Rhf1
Rae8 21. Rf3 Re1 22. Rfd3 R1e4 23. Rf3 Bd6 24. Kb1 Rxf4 25. Rxf4 Bxf4 26. h4
Rd8 27. Re1 Bg3 28. Rf1 g6 29. Ne6 1/2-1/2

[Event "Plzen, JF C"]
[Site "?"]
[Date "1999.??.??"]
[Round "6.10"]
[White "Ungr, D."]
[Black "Korenova, M."]
[Result "1/2-1/2"]
[WhiteElo "2008"]
[BlackElo "2285"]
[PlyCount "72"]
[EventDate "1999.??.??"]
[Source "ChessBase"]
[SourceDate "1996.11.15"]

1. e4 e5 2. Nf3 Nc6 3. Bb5 a6 4. Ba4 Nf6 5. O-O Be7 6. c3 O-O 7. Qe2 d6 8. h3
Bd7 9. Bc2 Re8 10. d4 exd4 11. cxd4 Nb4 12. Nc3 Nxc2 13. Qxc2 Bc6 14. Bg5 h6
15. Bf4 d5 16. e5 Ne4 17. Rac1 Qd7 18. Nd2 f5 19. f3 Nxd2 20. Bxd2 Qe6 21. f4
Rac8 22. a3 Rf8 23. Rf3 b6 24. b4 Bb7 25. Qb3 Rf7 26. Na4 Bd8 27. Rfc3 c6 28.
Nb2 Rfc7 29. Nd3 Be7 30. a4 b5 31. a5 Rf8 32. Qd1 Kh7 33. Qh5 g6 34. Qf3 Rg8
35. Nc5 Bxc5 36. Rxc5 Rf7 1/2-1/2

[Event "Plzen, JF C"]
[Site "?"]
[Date "1999.??.??"]
[Round "6.11"]
[White "Novak, P."]
[Black "Chrz, P."]
[Result "0-1"]
[WhiteElo "2274"]
[BlackElo "2121"]
[PlyCount "80"]
[EventDate "1999.??.??"]
[Source "ChessBase"]
[SourceDate "1996.11.15"]

1. e4 c5 2. c3 d5 3. exd5 Qxd5 4. d4 e5 5. Nf3 cxd4 6. cxd4 Nc6 7. Nc3 Bb4 8.
Be2 exd4 9. O-O Qd8 10. Nb5 Nf6 11. Nfxd4 Nxd4 12. Nxd4 O-O 13. Bf3 Qb6 14. Nb3
Rd8 15. Qc2 Nd5 16. Be4 h6 17. Bxd5 Rxd5 18. Qe4 Rd8 19. Be3 Qb5 20. a4 Bf5 21.
Qf4 g5 22. Qc7 Qd5 23. Nd4 Bg6 24. Qg3 Rac8 25. Qh3 Bf8 26. Nb5 a6 27. Nc3 Qb3
28. Ne2 Qxb2 29. Nd4 Bg7 30. Nf5 Bxf5 31. Qxf5 Qe5 32. Qf3 Qd5 33. Rad1 Qxf3
34. Rxd8+ Rxd8 35. gxf3 b5 36. axb5 axb5 37. Rb1 Rd5 38. Rb3 Kh7 39. Kf1 Kg6
40. Ke2 Bf8 0-1

[Event "Plzen, JF C"]
[Site "?"]
[Date "1999.??.??"]
[Round "6.12"]
[White "Satransky, J."]
[Black "Hrbolka, L jr"]
[Result "0-1"]
[WhiteElo "2182"]
[BlackElo "2099"]
[PlyCount "94"]
[EventDate "1999.??.??"]
[Source "ChessBase"]
[SourceDate "1996.11.15"]

1. e4 c5 2. Nf3 d6 3. d4 cxd4 4. Nxd4 Nf6 5. Nc3 a6 6. Bg5 e6 7. f4 Nbd7 8. Qf3
Qc7 9. O-O-O Be7 10. g4 b5 11. Bxf6 Nxf6 12. g5 Nd7 13. f5 Bxg5+ 14. Kb1 Ne5
15. Qh5 Qd8 16. Nxe6 Bxe6 17. fxe6 O-O 18. h4 Bh6 19. Bh3 Kh8 20. e7 Qxe7 21.
Nd5 Qd8 22. Rdf1 f6 23. Qd1 a5 24. Rhg1 a4 25. Rg3 Ra7 26. Rfg1 Qb8 27. a3 Nc4
28. Qd4 Rb7 29. R1g2 Qe8 30. c3 Qe5 31. Qd3 Nd2+ 32. Ka2 Nxe4 33. Rf3 Nc5 34.
Qd1 Rbb8 35. Bf5 Qe8 36. Rfg3 Nd7 37. Nc7 Qf7+ 38. Kb1 Ne5 39. Ne6 g6 40. Bh3
Rfe8 41. Qxd6 Nc4 42. Qd5 Rbd8 43. Qxd8 Rxd8 44. Nxd8 Qd5 45. Ne6 Qd1+ 46. Ka2
Qb3+ 47. Ka1 Bc1 0-1

[Event "Plzen, JF C"]
[Site "?"]
[Date "1999.??.??"]
[Round "6.13"]
[White "Papay, J."]
[Black "Novotny, J."]
[Result "0-1"]
[WhiteElo "2044"]
[BlackElo "2178"]
[PlyCount "76"]
[EventDate "1999.??.??"]
[Source "ChessBase"]
[SourceDate "1996.11.15"]

1. e4 e6 2. d4 d6 3. c4 Ne7 4. Nc3 Nd7 5. Nf3 g6 6. Be3 Bg7 7. Be2 b6 8. Qd2 h6
9. O-O Bb7 10. Rac1 g5 11. Ne1 Nf6 12. f3 O-O 13. g4 Ng6 14. Ng2 Nh7 15. b4 Qe7
16. Bd3 Rad8 17. Ne2 e5 18. Bb1 Nf4 19. Ng3 Bc8 20. d5 h5 21. Bxf4 exf4 22.
Nxh5 Be5 23. Ne1 f6 24. Kg2 Rf7 25. Qc2 Nf8 26. Qa4 Rh7 27. Nc2 Ng6 28. Rcd1
Nh4+ 29. Kf2 {#} Nxf3 30. Kxf3 Bxg4+ 31. Kxg4 Qf7 32. Ng3 fxg3 33. Kf3 Rxh2 34.
Ke3 Qh5 35. Nd4 g2 36. Rg1 Rh3+ 37. Kd2 Bxd4 38. Qc2 Be3+ 0-1

[Event "Plzen, JF C"]
[Site "?"]
[Date "1999.??.??"]
[Round "6.14"]
[White "Nosek, F."]
[Black "Eretova, J."]
[Result "1/2-1/2"]
[WhiteElo "1909"]
[BlackElo "2177"]
[PlyCount "91"]
[EventDate "1999.??.??"]
[Source "ChessBase"]
[SourceDate "1996.11.15"]

1. e4 c5 2. Nf3 d6 3. d4 cxd4 4. Nxd4 Nf6 5. Nc3 a6 6. Bg5 e6 7. Be2 Be7 8. Qd3
Nbd7 9. Bxf6 Bxf6 10. O-O O-O 11. Rfd1 Ne5 12. Qd2 Qc7 13. Bf1 Nc4 14. Qc1 b5
15. Nce2 Bb7 16. f3 d5 17. exd5 Bxd5 18. Kh1 Rfd8 19. c3 Rac8 20. b3 Nd6 21.
Qe3 e5 22. Nc2 Nf5 23. Qc1 h6 24. Ne3 Nxe3 25. Qxe3 Qc6 26. Rd3 e4 27. fxe4
Bxe4 28. Rxd8+ Rxd8 29. Nd4 Qd5 30. Re1 Bg6 31. Nf3 Rc8 32. c4 bxc4 33. Bxc4
Qa5 34. a4 Rd8 35. h3 Bh5 36. Rf1 Rb8 37. Qa7 Qb6 38. Qxb6 Rxb6 39. Re1 a5 40.
Ne5 Bxe5 41. Rxe5 Bd1 42. Rxa5 Bxb3 43. Rb5 Rxb5 44. Bxb5 Bd5 45. Kg1 f5 46.
Kf2 1/2-1/2

[Event "Plzen, JF C"]
[Site "?"]
[Date "1999.??.??"]
[Round "6.16"]
[White "Novacek, K."]
[Black "Cervinka, M."]
[Result "1-0"]
[WhiteElo "2102"]
[BlackElo "2044"]
[PlyCount "77"]
[EventDate "1999.??.??"]
[Source "ChessBase"]
[SourceDate "1996.11.15"]

1. e4 c6 2. Nc3 d5 3. g3 dxe4 4. Nxe4 Bf5 5. Bg2 Nd7 6. Qe2 Bxe4 7. Qxe4 Ngf6
8. Qc4 e6 9. d4 Bd6 10. Ne2 O-O 11. O-O Qb6 12. a4 Nd5 13. a5 Qc7 14. Bd2 N7f6
15. Qb3 Ne7 16. Bg5 Nd7 17. c4 Ng6 18. h4 Be7 19. Be3 Bf6 20. d5 Rfe8 21. a6 b6
22. dxc6 Nde5 23. Nd4 Qe7 24. h5 Nf8 25. c7 Qxc7 26. Bxa8 Rxa8 27. Rac1 Nfd7
28. Qd1 Qc8 29. f4 Nc6 30. Nxc6 Qxc6 31. b4 Rd8 32. Qf3 Qxf3 33. Rxf3 e5 34.
Rff1 Nb8 35. b5 Rd3 36. Bxb6 Rxg3+ 37. Kh2 exf4 38. Bxa7 Be5 39. Rce1 1-0

[Event "Plzen, JF C"]
[Site "?"]
[Date "1999.??.??"]
[Round "6.17"]
[White "Neuman, P."]
[Black "Muller, O."]
[Result "1-0"]
[WhiteElo "2384"]
[BlackElo "2143"]
[PlyCount "167"]
[EventDate "1999.??.??"]
[Source "ChessBase"]
[SourceDate "1996.11.15"]

1. e4 c5 2. f4 Nc6 3. Nf3 d6 4. Bb5 Bd7 5. O-O e6 6. Re1 Nge7 7. Bf1 g6 8. Na3
Bg7 9. c3 O-O 10. d3 d5 11. e5 a6 12. Be3 b6 13. Nc2 Qc7 14. Bf2 Bh6 15. g3
Rad8 16. Ne3 Bg7 17. Rc1 Qb8 18. Ng4 Kh8 19. d4 c4 20. h4 h5 21. Ngh2 f5 22.
exf6 Rxf6 23. Ne5 Nxe5 24. dxe5 Rf7 25. Nf3 Bh6 26. Bh3 Re8 27. Nd4 Qc8 28. Be3
Nc6 29. Nf3 Qd8 30. Kg2 Ne7 31. Qe2 Nf5 32. Bxf5 exf5 33. Qf2 b5 34. Rcd1 Be6
35. Rd2 Rd7 36. Red1 Bf8 37. Bc5 Qc7 38. Bxf8 Rxf8 39. Ng5 Qc6 40. Nxe6 Qxe6
41. Qc5 Rfd8 42. Kh3 Kg7 43. a4 bxa4 44. Ra1 Rb7 45. Rxa4 Qb6 46. Qxb6 Rxb6 47.
Rxc4 dxc4 48. Rxd8 Rxb2 49. Rd7+ Kf8 50. Rd6 Kf7 51. Rf6+ Kg7 52. Rc6 Rc2 53.
Rxc4 a5 54. Ra4 Rxc3 55. Rxa5 Rc2 56. Ra1 Kf7 57. Rg1 Ke6 58. Rg2 Rc1 59. Rd2
Ra1 60. Kg2 Ra3 61. Kf2 Rb3 62. Re2 Ra3 63. Re3 Ra2+ 64. Kf3 Rb2 65. Rd3 Ra2
66. Ke3 Ra4 67. Kf3 Ra2 68. Rb3 Ra4 69. Rb6+ Kf7 70. Rb7+ Kf8 71. Ke3 Re4+ 72.
Kd3 Ra4 73. Rc7 Rb4 74. Rc4 Rb3+ 75. Kd4 Rxg3 76. Kd5 Ra3 77. e6 Re3 78. Kd6
Re1 79. Rc8+ Kg7 80. Rc7+ Kf8 81. Rf7+ Kg8 82. Ke7 Ra1 83. Kf6 Ra6 84. Rb7 1-0

[Event "Plzen, JF C"]
[Site "?"]
[Date "1999.??.??"]
[Round "6.18"]
[White "Hallerova, E."]
[Black "Koutecky, V."]
[Result "1/2-1/2"]
[WhiteElo "2152"]
[BlackElo "1962"]
[PlyCount "37"]
[EventDate "1999.??.??"]
[Source "ChessBase"]
[SourceDate "1996.11.15"]

1. Nf3 g6 2. e4 c5 3. Nc3 Bg7 4. g3 Nc6 5. Bg2 d6 6. d3 Nf6 7. O-O O-O 8. h3
Rb8 9. a4 a6 10. Be3 Bd7 11. Qd2 b5 12. axb5 axb5 13. e5 b4 14. Ne2 Nd5 15.
exd6 Nxe3 16. dxe7 Qxe7 17. Qxe3 Qxe3 18. fxe3 Bxb2 19. Ra6 1/2-1/2

[Event "Plzen, JF C"]
[Site "?"]
[Date "1999.??.??"]
[Round "6.19"]
[White "Stehlik, J."]
[Black "Cernik, L."]
[Result "1/2-1/2"]
[WhiteElo "2125"]
[BlackElo "1903"]
[PlyCount "37"]
[EventDate "1999.??.??"]
[Source "ChessBase"]
[SourceDate "1996.11.15"]

1. Nf3 Nf6 2. d4 g6 3. Nbd2 Bg7 4. e4 d6 5. c3 c5 6. h3 a6 7. a4 b6 8. Bd3 Bb7
9. O-O O-O 10. Re1 Nc6 11. d5 Na7 12. c4 Qd7 13. Nb1 b5 14. Nc3 b4 15. Nb1 e5
16. Nh2 Rae8 17. Be3 Nc8 18. Nd2 Ne7 19. Re2 1/2-1/2

[Event "Plzen, JF C"]
[Site "?"]
[Date "1999.??.??"]
[Round "6.20"]
[White "Falout, L."]
[Black "Palkova, H."]
[Result "1-0"]
[WhiteElo "2129"]
[BlackElo "2054"]
[PlyCount "123"]
[EventDate "1999.??.??"]
[Source "ChessBase"]
[SourceDate "1996.11.15"]

1. e4 c5 2. d4 cxd4 3. c3 Nf6 4. e5 Nd5 5. Bc4 Qc7 6. Qe2 Nb6 7. Bd3 Nc6 8. Nf3
d5 9. exd6 Qxd6 10. O-O Bg4 11. Nbd2 O-O-O 12. Ne4 Qc7 13. Bd2 Kb8 14. Rac1 Nd5
15. cxd4 Nf4 16. Bxf4 Qxf4 17. Qe3 Qxe3 18. fxe3 f6 19. Nc5 e5 20. Na6+ bxa6
21. Rxc6 Bd7 22. Rc2 exd4 23. Nxd4 Bd6 24. Bxa6 Bc7 25. Rfc1 Bb6 26. Kf2 Rhe8
27. Rc3 f5 28. g3 g5 29. Ne2 Re4 30. Rd1 Ra4 31. Rxd7 Rxa6 32. Rxd8+ Bxd8 33.
Nd4 Bf6 34. Rb3+ Kc7 35. Nb5+ Kd7 36. a3 Ra5 37. Rd3+ Ke7 38. Nc3 Ke6 39. Ke2
Re5 40. Kd2 Ra5 41. Nd1 h5 42. b4 Re5 43. Nc3 h4 44. gxh4 gxh4 45. h3 Bg5 46.
Ne2 Re4 47. Nd4+ Kf6 48. Nf3 Re6 49. b5 Rb6 50. Rc3 Rd6+ 51. Ke2 Kg6 52. Rc6
Be7 53. Nxh4+ Kg5 54. Nf3+ Kh5 55. Rc7 Re6 56. Nd4 Re5 57. Nc6 Bd6 58. Nxe5
Bxc7 59. Nc6 Bb6 60. a4 Kh4 61. a5 Bc5 62. Nxa7 1-0

[Event "Plzen, JF C"]
[Site "?"]
[Date "1999.??.??"]
[Round "6.21"]
[White "Dolezal, R sr"]
[Black "Hercik, J."]
[Result "1-0"]
[WhiteElo "2035"]
[BlackElo "1922"]
[PlyCount "125"]
[EventDate "1999.??.??"]
[Source "ChessBase"]
[SourceDate "1996.11.15"]

1. e4 e5 2. Nf3 Nc6 3. Bb5 a6 4. Ba4 Nf6 5. O-O Be7 6. Re1 b5 7. Bb3 d6 8. c3
Bg4 9. h3 Bh5 10. d3 Na5 11. Bc2 c5 12. Nbd2 h6 13. Nf1 g5 14. Ng3 Bg6 15. Nf5
Bxf5 16. exf5 Qc7 17. a4 O-O 18. Nh2 Rfc8 19. Ng4 Nxg4 20. Qxg4 f6 21. h4 Bf8
22. Re3 Qg7 23. Rg3 Kf7 24. Qe4 Ke8 25. b4 cxb4 26. cxb4 Qb7 27. Qe2 Qc7 28.
Ra2 Nc6 29. Qh5+ Qf7 30. Qxf7+ Kxf7 31. Be3 Nxb4 32. Bb3+ Ke7 33. Ra1 bxa4 34.
Rxa4 a5 35. hxg5 fxg5 36. d4 Kf6 37. Be6 Rcb8 38. Rh3 Rd8 39. g3 d5 40. dxe5+
Kxe5 41. Bb6 Re8 42. f4+ gxf4 43. Bc7+ Ke4 44. Bxf4 d4 45. Bc7 d3 46. Rh4+ Ke3
47. Kf1 Be7 48. Bf4+ Kd4 49. Rxh6 Red8 50. Bd2 Rf8 51. Rh7 Bd6 52. g4 Rae8 53.
Kg2 Rh8 54. Rh5 Rxh5 55. gxh5 Rh8 56. h6 Bf8 57. Rxa5 Rxh6 58. Rb5 Nc2 59. Rd5+
Ke4 60. Rd8 Rh8 61. Bc4 Nb4 62. Bxb4 Bxb4 63. Bxd3+ 1-0

[Event "Plzen, JF C"]
[Site "?"]
[Date "1999.??.??"]
[Round "6.22"]
[White "Snaidr, J."]
[Black "Svarc, R."]
[Result "0-1"]
[WhiteElo "2022"]
[BlackElo "2180"]
[PlyCount "56"]
[EventDate "1999.??.??"]
[Source "ChessBase"]
[SourceDate "1996.11.15"]

1. d4 Nf6 2. c4 g6 3. Nc3 Bg7 4. e4 d6 5. Be2 O-O 6. Bg5 Nbd7 7. b3 e5 8. d5 a5
9. Qd2 Nc5 10. Bf3 Bd7 11. h4 h5 12. Nh3 Qc8 13. Bh6 Nd3+ 14. Qxd3 Bxh6 15. c5
dxc5 16. Ng5 Nh7 17. Qe3 f6 18. Bxh5 gxh5 19. Qg3 fxg5 20. hxg5 Bxg5 21. Rxh5
Bg4 22. Rh1 Ra6 23. f3 Bd7 24. Rxh7 Kxh7 25. Qxg5 Qe8 26. d6 Rxd6 27. Kf2 Rh6
28. Rd1 Rg8 0-1

[Event "Plzen, JF C"]
[Site "?"]
[Date "1999.??.??"]
[Round "6.23"]
[White "Kovarik, J."]
[Black "Vladyka, V."]
[Result "1/2-1/2"]
[WhiteElo "1851"]
[BlackElo "2082"]
[PlyCount "95"]
[EventDate "1999.??.??"]
[Source "ChessBase"]
[SourceDate "1996.11.15"]

1. Nf3 c5 2. c4 Nc6 3. g3 Nf6 4. Bg2 g6 5. O-O Bg7 6. Nc3 O-O 7. a3 e5 8. d3 d6
9. Rb1 a5 10. b3 Rb8 11. Bb2 Nd4 12. e3 Nxf3+ 13. Bxf3 Bd7 14. Nd5 Nxd5 15.
Bxd5 Kh8 16. Qd2 f5 17. Bc3 b6 18. Qb2 Qe7 19. Rfe1 Be6 20. Bxe6 Qxe6 21. f4
Rfe8 22. d4 cxd4 23. exd4 e4 24. d5 Qe7 25. Bxg7+ Qxg7 26. Qxg7+ Kxg7 27. Kf2
Rec8 28. Rec1 Kf6 29. Ke3 h6 30. Kd4 Rb7 31. Rc3 g5 32. b4 a4 33. Rbc1 Rbc7 34.
Rf1 g4 35. h3 gxh3 36. Rh1 e3 37. Kxe3 Rxc4 38. Rxc4 Rxc4 39. Kd3 b5 40. Rxh3
Kg6 41. Rh1 Re4 42. Rc1 Kh5 43. Rc6 Kg4 44. Rxd6 Kxg3 45. Rxh6 Kxf4 46. Re6 Kf3
47. Kc3 Rc4+ 48. Kd3 1/2-1/2

[Event "Plzen, JF C"]
[Site "?"]
[Date "1999.??.??"]
[Round "6.24"]
[White "Pinc, M."]
[Black "Foglar, S."]
[Result "1-0"]
[WhiteElo "2140"]
[BlackElo "2026"]
[PlyCount "151"]
[EventDate "1999.??.??"]
[Source "ChessBase"]
[SourceDate "1996.11.15"]

1. d4 Nf6 2. c4 c5 3. d5 e5 4. Nc3 d6 5. g3 Be7 6. Bg2 O-O 7. Nf3 Ne8 8. O-O f5
9. a3 e4 10. Ne1 Bg5 11. Nc2 Nd7 12. b4 Bxc1 13. Rxc1 b6 14. Ne3 Ne5 15. Qb3
Bd7 16. bxc5 dxc5 17. Nb5 Bxb5 18. cxb5 Nd6 19. a4 Qf6 20. Nd1 Rac8 21. Kh1 Qh6
22. Qe3 g5 23. f4 Ng4 24. Qg1 Rce8 25. Ne3 gxf4 26. Rxf4 Ne5 27. Rcf1 Qh5 28.
Re1 Re7 29. Qf1 Ref7 30. Rh4 Qg5 31. Qf4 Qxf4 32. Rxf4 Ng6 33. Rff1 Kg7 34. Bh3
h5 35. Ng2 f4 36. gxf4 Nxf4 37. Nxf4 Rxf4 38. Rg1+ Kf6 39. Be6 e3 40. Rg3 Nc4
41. Rc1 Ke5 42. Kg1 h4 43. Rg5+ Kd4 44. d6 Nd2 45. d7 Rd8 46. h3 Rf6 47. Bg4
Ne4 48. Rh5 Rg6 49. Rxh4 Rxd7 50. Rd1+ Nd2 51. Kh2 Rxg4 52. hxg4 Ke5 53. Rg1
Rg7 54. g5 Kf5 55. Rh8 Ne4 56. Rf8+ Kg6 57. Re8 Nxg5 58. Rxe3 Rh7+ 59. Kg2 Rh4
60. Ra1 Rg4+ 61. Kf2 Kf5 62. Rf1 Rxa4 63. Kg3+ Kg6 64. Rf4 Ra1 65. Kg2 Rd1 66.
Re5 Rg1+ 67. Kxg1 Nh3+ 68. Kf1 Nxf4 69. Re7 Kf6 70. Rxa7 Ke6 71. Rb7 Nd5 72. e4
Nc3 73. Rxb6+ Ke5 74. Rb8 Kxe4 75. b6 Kd5 76. Rc8 1-0

[Event "Plzen, JF C"]
[Site "?"]
[Date "1999.??.??"]
[Round "6.25"]
[White "Klatil, K."]
[Black "Vojir, V sr"]
[Result "1-0"]
[WhiteElo "2088"]
[BlackElo "1756"]
[PlyCount "77"]
[EventDate "1999.??.??"]
[Source "ChessBase"]
[SourceDate "1996.11.15"]

1. e4 c6 2. Nc3 d5 3. d4 dxe4 4. Nxe4 Bf5 5. Ng3 Bg6 6. Nf3 e6 7. h4 h6 8. Ne5
Bh7 9. c3 Nd7 10. Bd3 Bxd3 11. Nxd3 Ngf6 12. Qc2 Bd6 13. f4 c5 14. Be3 cxd4 15.
Bxd4 b6 16. O-O-O Qc7 17. Ne2 O-O-O 18. Rhf1 Ne8 19. Qa4 Kb8 20. Kb1 Rg8 21.
Rd2 Nef6 22. Bxf6 Nxf6 23. Rfd1 Kb7 24. Nf2 Bc5 25. Ne4 Rxd2 26. Rxd2 Qc6 27.
Nxc5+ Qxc5 28. g4 Rc8 29. g5 hxg5 30. hxg5 Nd5 31. Qe4 Ka6 32. Rd4 b5 33. a4
bxa4 34. Rxa4+ Kb6 35. f5 exf5 36. Qe5 g6 37. c4 Qc6 38. b3 Nc7 39. Qa5+ 1-0

[Event "Plzen, JF C"]
[Site "?"]
[Date "1999.??.??"]
[Round "6.26"]
[White "Kalista, K."]
[Black "Korinek, B."]
[Result "1-0"]
[WhiteElo "1881"]
[BlackElo "1895"]
[PlyCount "83"]
[EventDate "1999.??.??"]
[Source "ChessBase"]
[SourceDate "1996.11.15"]

1. d4 e6 2. c4 f5 3. Nf3 Nf6 4. Nc3 d5 5. Bf4 c6 6. e3 Be7 7. Be2 O-O 8. h3 Ne4
9. Nxe4 fxe4 10. Nd2 Nd7 11. O-O Nf6 12. f3 exf3 13. Nxf3 Ne4 14. Bd3 g5 15.
Be5 Qe8 16. Bxe4 dxe4 17. Nd2 Rxf1+ 18. Nxf1 Qg6 19. Ng3 Bd7 20. Qg4 c5 21.
Qxe4 Qxe4 22. Nxe4 cxd4 23. exd4 Bc6 24. Re1 b5 25. c5 Bd5 26. b3 b4 27. Nd2 a5
28. Rc1 g4 29. Nc4 a4 30. Nb6 axb3 31. axb3 Ra6 32. Nxd5 exd5 33. c6 Ra8 34. c7
Rc8 35. hxg4 Kf7 36. Rc6 Ke8 37. Rh6 Kd7 38. Rxh7 Ke6 39. Rh6+ Kd7 40. Rb6 Bg5
41. Rxb4 Rf8 42. Rb8 1-0

[Event "Plzen, JF C"]
[Site "?"]
[Date "1999.??.??"]
[Round "6.27"]
[White "Vojir, V jr"]
[Black "Jenc, M."]
[Result "1/2-1/2"]
[WhiteElo "1768"]
[BlackElo "1871"]
[PlyCount "73"]
[EventDate "1999.??.??"]
[Source "ChessBase"]
[SourceDate "1996.11.15"]

1. d4 Nf6 2. c4 g6 3. Nf3 Bg7 4. Nc3 O-O 5. g3 d6 6. Bg2 c5 7. O-O a6 8. e3 Qc7
9. b3 e6 10. Bb2 Nc6 11. Qd2 cxd4 12. Nxd4 Rd8 13. Rac1 Ne7 14. Rfd1 Rb8 15. a3
b6 16. Qc2 Bb7 17. Ne4 Nxe4 18. Bxe4 d5 19. cxd5 Qxc2 20. Rxc2 Bxd5 21. Bxd5
Nxd5 22. Rdc1 Re8 23. e4 Ne7 24. f4 e5 25. Ne2 exf4 26. gxf4 Rbc8 27. Bxg7 Kxg7
28. Kf2 Rxc2 29. Rxc2 Rd8 30. Rc7 Re8 31. Kf3 Kf6 32. Rb7 Nc8 33. e5+ Ke6 34.
Ng3 h6 35. Rc7 Ne7 36. Rb7 Nc6 37. Rc7 1/2-1/2

[Event "Plzen, JF C"]
[Site "?"]
[Date "1999.??.??"]
[Round "7.1"]
[White "Polak, T."]
[Black "Cech, P."]
[Result "1-0"]
[WhiteElo "2488"]
[BlackElo "2356"]
[PlyCount "55"]
[EventDate "1999.??.??"]
[Source "ChessBase"]
[SourceDate "1996.11.15"]

1. d4 Nf6 2. c4 e5 3. dxe5 Ne4 4. Nf3 Nc6 5. a3 d6 6. exd6 Bxd6 7. Nbd2 Bf5 8.
e3 Qf6 9. Nxe4 Bxe4 10. Bd3 Bxd3 11. Qxd3 O-O-O 12. Qc2 Rhe8 13. O-O Ne5 14.
Nxe5 Rxe5 15. f4 Rh5 16. Bd2 g5 17. Rae1 Qh6 18. h3 g4 19. hxg4 Rh1+ 20. Kf2
Qh4+ 21. Kf3 Rh3+ 22. gxh3 Qxh3+ 23. Ke2 Qxg4+ 24. Rf3 Qg2+ 25. Rf2 Qg4+ 26.
Kf1 Qh3+ 27. Rg2 Rg8 28. Qe4 1-0

[Event "Plzen, JF C"]
[Site "?"]
[Date "1999.??.??"]
[Round "7.2"]
[White "Cernousek, L."]
[Black "Konopka, M."]
[Result "0-1"]
[WhiteElo "2203"]
[BlackElo "2484"]
[PlyCount "128"]
[EventDate "1999.??.??"]
[Source "ChessBase"]
[SourceDate "1996.11.15"]

1. c4 Nf6 2. Nf3 g6 3. g3 Bg7 4. Bg2 O-O 5. O-O d5 6. d4 Nc6 7. cxd5 Nxd5 8. e4
Nb6 9. d5 Na5 10. Nc3 c6 11. Nd4 cxd5 12. exd5 e6 13. Nde2 exd5 14. Nxd5 Bg4
15. Re1 Re8 16. Be3 Nac4 17. Bxb6 Nxb6 18. Ne3 Bc8 19. Nc3 Rb8 20. Qc2 Be6 21.
Rac1 Re7 22. Red1 Rd7 23. Ne4 Rxd1+ 24. Rxd1 Qe7 25. Qc5 Qxc5 26. Nxc5 Bxb2 27.
Nxb7 Nc4 28. Nxc4 Bxc4 29. Rd7 Bf6 30. a4 Re8 31. h4 Re1+ 32. Kh2 Be6 33. Rd2
Be7 34. Bd5 Bb4 35. Rd4 Bc3 36. Rd3 Bxd5 37. Rxd5 Ra1 38. a5 Ra2 39. Rd8+ Kg7
40. Rd7 Rxf2+ 41. Kg1 Rd2 42. Re7 Kf8 43. Re4 Ra2 44. Nd6 Bxa5 45. Re8+ Kg7 46.
Re7 Bb4 47. Rxf7+ Kg8 48. Rf6 Ra6 49. Ne4 Rxf6 50. Nxf6+ Kf7 51. Nd5 a5 52. Kf2
Ke6 53. Nf4+ Kf5 54. Kf3 h5 55. Nd3 Bd6 56. Nb2 Be5 57. Nc4 a4 58. Ne3+ Kf6 59.
g4 a3 60. gxh5 a2 61. Nc2 gxh5 62. Ke4 Ke6 63. Kd3 Kf5 64. Ke3 Kg4 0-1

[Event "Plzen, JF C"]
[Site "?"]
[Date "1999.??.??"]
[Round "7.3"]
[White "Volosin, L."]
[Black "Dolezal, R jr"]
[Result "1/2-1/2"]
[WhiteElo "2423"]
[BlackElo "2285"]
[PlyCount "72"]
[EventDate "1999.??.??"]
[Source "ChessBase"]
[SourceDate "1996.11.15"]

1. e4 e5 2. Nf3 Nc6 3. Bb5 a6 4. Bxc6 dxc6 5. Nc3 f6 6. d4 exd4 7. Nxd4 c5 8.
Nde2 Qxd1+ 9. Nxd1 Be6 10. Bf4 O-O-O 11. Ne3 Ne7 12. Bg3 g6 13. h4 h5 14. f3
Bf7 15. Kf2 Nc6 16. Rhd1 Bg7 17. Nc3 Ne5 18. Rxd8+ Rxd8 19. Rd1 Rxd1 20. Ncxd1
b5 21. Bxe5 fxe5 22. c4 Bf6 23. g3 c6 24. Ke2 Kd7 25. Nf2 Be6 26. Kd3 Kd6 27.
b3 Bd8 28. Nfd1 Be7 29. Nc3 Bf6 30. a4 Bd7 31. Nc2 Ke6 32. Ne3 Be7 33. Kc2 Bd8
34. Kd3 Be7 35. Ned1 Bd8 36. Ne3 Be7 1/2-1/2

[Event "Plzen, JF C"]
[Site "?"]
[Date "1999.??.??"]
[Round "7.4"]
[White "Civin, T."]
[Black "Lechtynsky, J."]
[Result "1-0"]
[WhiteElo "2278"]
[BlackElo "2365"]
[PlyCount "113"]
[EventDate "1999.??.??"]
[Source "ChessBase"]
[SourceDate "1996.11.15"]

1. d4 Nf6 2. c4 e6 3. g3 d5 4. Bg2 dxc4 5. Qa4+ Bd7 6. Qxc4 Nc6 7. Nf3 Na5 8.
Qc2 Rc8 9. O-O c5 10. Nc3 cxd4 11. Nxd4 Bb4 12. Qd3 O-O 13. Ne4 Nxe4 14. Bxe4
h6 15. a3 Bc5 16. Nb3 Nxb3 17. Qxb3 Bc6 18. Bxc6 bxc6 19. Bf4 Qd5 20. Qc2 Bb6
21. Rad1 Qb5 22. a4 Qh5 23. Rd7 Rfd8 24. Rfd1 Rxd7 25. Rxd7 e5 26. Bc1 Qg4 27.
Rd6 Qb4 28. Rd1 Qg4 29. Kg2 c5 30. f3 Qe6 31. Bd2 c4 32. Bc3 f5 33. e4 Rf8 34.
Rd5 Bc7 35. Bb4 Rc8 36. Qxc4 Bd6 37. Bc5 fxe4 38. fxe4 Kh7 39. b4 Bxc5 40. bxc5
Rf8 41. Qe2 Rf7 42. h4 Qe8 43. Qb5 Qe6 44. Qe2 Qe8 45. a5 Qe6 46. Qh5 Rf6 47.
Qe2 Rf7 48. Rd6 Qb3 49. c6 Qc3 50. Qg4 Qxa5 51. Qg6+ Kg8 52. Qe6 Qb6 53. Rd2 a5
54. h5 a4 55. Kh3 a3 56. Rd7 Qf2 57. Rd8+ 1-0

[Event "Plzen, JF C"]
[Site "?"]
[Date "1999.??.??"]
[Round "7.5"]
[White "Gross, S."]
[Black "Chrz, P."]
[Result "1/2-1/2"]
[WhiteElo "2371"]
[BlackElo "2121"]
[PlyCount "106"]
[EventDate "1999.??.??"]
[Source "ChessBase"]
[SourceDate "1996.11.15"]

1. c4 e6 2. Nc3 d5 3. cxd5 exd5 4. d4 Nf6 5. Bg5 Be7 6. e3 h6 7. Bh4 O-O 8. Bd3
c6 9. Qc2 Re8 10. Nge2 Nbd7 11. O-O Ne4 12. Bxe7 Qxe7 13. Rae1 Ndf6 14. f3 Nxc3
15. Nxc3 c5 16. dxc5 Qxc5 17. Nb5 Qxc2 18. Bxc2 Re7 19. Kf2 b6 20. Rd1 Ba6 21.
Bd3 Bxb5 22. Bxb5 Rc8 23. Ba4 b5 24. Bb3 a5 25. Rfe1 a4 26. Bxd5 Rd7 27. e4
Rcd8 28. a3 Nxd5 29. exd5 Rxd5 30. Re8+ Rxe8 31. Rxd5 Rb8 32. Rd4 Rc8 33. Ke3
Kf8 34. Kd3 Rc5 35. Rd7 Rg5 36. g4 Ke8 37. Rb7 h5 38. h4 Rd5+ 39. Ke4 Rc5 40.
g5 Rc4+ 41. Ke5 Rxh4 42. Rxb5 Rc4 43. f4 g6 44. f5 gxf5 45. Kxf5 Kf8 46. g6
fxg6+ 47. Kxg6 h4 48. Kf6 Rc6+ 49. Kg5 h3 50. Rb8+ Ke7 51. Rh8 Rc2 52. Rxh3
Rxb2 53. Rh4 Kd6 1/2-1/2

[Event "Plzen, JF C"]
[Site "?"]
[Date "1999.??.??"]
[Round "7.6"]
[White "Spal, M."]
[Black "Miskovsky, P."]
[Result "1-0"]
[WhiteElo "2175"]
[BlackElo "2232"]
[PlyCount "95"]
[EventDate "1999.??.??"]
[Source "ChessBase"]
[SourceDate "1996.11.15"]

1. e4 Nc6 2. d4 d5 3. exd5 Qxd5 4. Nf3 Bg4 5. Be2 O-O-O 6. Be3 e6 7. O-O Qd7 8.
Nbd2 Nge7 9. c3 Kb8 10. Qa4 f6 11. Kh1 Bf5 12. b4 Nd5 13. Rac1 Nce7 14. Bb5 c6
15. Be2 Nc8 16. Nb3 g5 17. Nc5 Bxc5 18. bxc5 Nxe3 19. fxe3 h5 20. Nd2 Bg4 21.
Bd3 h4 22. Rb1 h3 23. g3 f5 24. Rb2 Rhf8 25. Rfb1 b5 26. Bxb5 cxb5 27. Rxb5+
Nb6 28. Rxb6+ axb6 29. Rxb6+ Qb7+ 30. Rxb7+ Kxb7 31. Qb5+ Kc7 32. Qb6+ Kd7 33.
Qd6+ Kc8 34. Qxe6+ Kc7 35. Qb6+ Kd7 36. d5 f4 37. gxf4 gxf4 38. exf4 Rfe8 39.
c6+ Ke7 40. Kg1 Rxd5 41. Nc4 Rg8 42. Kf2 Bh5 43. Qe3+ Kf6 44. Qxh3 Rg4 45. Ke3
Rc5 46. c7 Rg8 47. Kd4 Rf5 48. Qxf5+ 1-0